Vista normal
Vista MARC
Entrada Nombre Personal
Número de registros utilizados en: 1
001 - Número de Control
- control field: 3835
003 - Identificador de Número de Control
- control field: EC-QuCCB
005 - Fecha y Hora de la última transacción
- Campo de Control: 20260406152310.0
008 - Elementos de Datos de Longitud Fija
- fixed length control field: 131127s9999 xx 000 0 und d
040 ## - Origen de la Catalagación
- Agencia catalogadora original: EC-QuCCB
- Idioma de la catalogación: spa
100 ## - Asiento Principal--Nombre Personal
- Nombre personal :: Jimbo, Walter,
- Fecha asociadas con el Nombre : : 1973-
400 1# - Trazado Véase Desde -- Nombre Personal
- Nombre Personal: Jimbo Campoverde, Walter,
- Fechas asociadas con un nombre : : 1973-
670 ## - Fuente de la Información Encontrada
- Fuente citada :: Evidencias del destierro (Poesía), 2025:
- Informacion encontrada :: Portada (Walter Jimbo)
670 ## - Fuente de la Información Encontrada
- Fuente citada :: VIAF
- Informacion encontrada :: Jimbo, Walter, 1973-
- Informacion encontrada :: Jimbo Campoverde, Walter, 1973-
- Identificador Uniforme de Recursos :: https://viaf.org/es/viaf/73172725771406070700
678 ## - Información Geográfica o Histórica
- Información Histórica o Biográfica: Instagram. Walter Jimbo; Nació en 1973. Es un poeta bohemio originario de Loja, Ecuador. Formó parte del colectivo poético Machete Rabioso. En poesía ha publicado “Y el verbo se hizo infierno” (Premio de Poesía Universidad Central del Ecuador, 2003), “La voz del impostor”, “En la tormenta la música, “Silencios de la isla” (mención de Honor en el concurso de Poesía Ismael Pérez Pazmiño de diario El Universo, 2016). En narrativa, junto a “Suelo Porno” ha publicado “El enemigo en casa” (Premio Proyectos Literarios Nacionales 2008, del Ministerio de Cultura del Ecuador, 2009).
- Identificador Uniforme de Recursos: https://www.instagram.com/p/CFTDFnZHRAz/























